Grow rich with peace of mind / (Record no. 135871)
[ view plain ]
| 000 -LEADER | |
|---|---|
| fixed length control field | 00702nam a22002417a 4500 |
| 003 - CONTROL NUMBER IDENTIFIER | |
| control field | dpl |
| 005 - DATE AND TIME OF LATEST TRANSACTION | |
| control field | 20181129142338.0 |
| 008 - FIXED-LENGTH DATA ELEMENTS--GENERAL INFORMATION | |
| fixed length control field | 181129b ||||| |||| 00| 0 eng d |
| 010 ## - LIBRARY OF CONGRESS CONTROL NUMBER | |
| LC control number | B-218807 |
| 020 ## - INTERNATIONAL STANDARD BOOK NUMBER | |
| Terms of availability | 125.00 |
| International Standard Book Number | 8183820700 |
| 035 ## - SYSTEM CONTROL NUMBER | |
| System control number | B-218807 |
| 037 ## - SOURCE OF ACQUISITION | |
| Source of stock number/acquisition | Cen Lib/Ret |
| 040 ## - CATALOGING SOURCE | |
| Original cataloging agency | DPL |
| Language of cataloging | EN |
| Transcribing agency | 0 |
| 082 ## - DEWEY DECIMAL CLASSIFICATION NUMBER | |
| Classification number | 158.1 |
| Item number | BIL |
| 100 ## - MAIN ENTRY--PERSONAL NAME | |
| Personal name | Billy, Chris |
| 9 (RLIN) | 98958 |
| 245 ## - TITLE STATEMENT | |
| Title | Grow rich with peace of mind / |
| Statement of responsibility, etc | by Chris Billy |
| 260 ## - PUBLICATION, DISTRIBUTION, ETC. (IMPRINT) | |
| Place of publication, distribution, etc | New Delhi |
| Name of publisher, distributor, etc | Lotus Press |
| Date of publication, distribution, etc | 2006 |
| 270 ## - ADDRESS | |
| City | New Delhi |
| Address | 4263/3, Ansari Road, Darya Ganj |
| Postal code | 110002 |
| 300 ## - PHYSICAL DESCRIPTION | |
| Extent | 166p. |
| Dimensions | 20cm(pbk) |
| 650 ## - SUBJECT ADDED ENTRY--TOPICAL TERM | |
| Topical term or geographic name as entry element | Peace of mind |
| 9 (RLIN) | 98959 |
| 650 ## - SUBJECT ADDED ENTRY--TOPICAL TERM | |
| Topical term or geographic name as entry element | Getting rich |
| 9 (RLIN) | 98960 |
| 942 ## - ADDED ENTRY ELEMENTS (KOHA) | |
| Source of classification or shelving scheme | Dewey Decimal Classification |
| Koha item type | English Books |
| Classification part | 158.1 |
| Call number suffix | BIL |
| Withdrawn status | Lost status | Source of classification or shelving scheme | Damaged status | Not for loan | Home library | Current library | Date acquired | Source of acquisition | Cost, normal purchase price | Total Checkouts | Total Renewals | Full call number | Barcode | Date last seen | Date checked out | Copy number | Cost, replacement price | Price effective from | Koha item type | Collection code |
|---|---|---|---|---|---|---|---|---|---|---|---|---|---|---|---|---|---|---|---|---|
| Dewey Decimal Classification | Central Library | Central Library | 08/10/2015 | Cen Lib/Ret | 125.00 | 7 | 3 | 158.1 BIL | B-218781 | 07/02/2025 | 22/01/2025 | 1 | 125.00 | 08/10/2015 | English Books | |||||
| Dewey Decimal Classification | Kadipur | Kadipur | 26/07/2019 | BPPD/PUB | 125.00 | 158.1 BIL | B-218806 | 26/07/2019 | 125.00 | 26/07/2019 | English Books | Non-fiction | ||||||||
| Dewey Decimal Classification | Shahdara Branch | Shahdara Branch | 29/11/2018 | BPPD/PUB | 125.00 | 3 | 2 | 158.1 BIL | B-218807 | 02/08/2022 | 04/07/2022 | 125.00 | 29/11/2018 | English Books | Non-fiction |
